Statutory guidance for Natural England on regional planning and associated matters (Record no. 105881)

MARC details
000 -LEADER
fixed length control field 01289cam a2200205 4500
001 - CONTROL NUMBER
control field ##L134994
008 - FIXED-LENGTH DATA ELEMENTS--GENERAL INFORMATION
fixed length control field 060918n2006 000 0 eng u
035 ## - SYSTEM CONTROL NUMBER
System control number (Sirsi) u134994
041 0# - LANGUAGE CODE
Language code of text/sound track or separate title eng
050 04 - LIBRARY OF CONGRESS CALL NUMBER
Classification number 711.1 $2 18
110 1# - MAIN ENTRY--CORPORATE NAME
Corporate name or jurisdiction name as entry element United Kingdom
Subordinate unit Department for Environment, Food and Rural Affairs
245 00 - TITLE STATEMENT
Title Statutory guidance for Natural England on regional planning and associated matters
Remainder of title a consultation by the the Department for Environment, Food and Rural Affairs
260 ## - PUBLICATION, DISTRIBUTION, ETC.
Place of publication, distribution, etc. London
Name of publisher, distributor, etc. DEFRA
Date of publication, distribution, etc. 2006
520 ## - SUMMARY, ETC.
Summary, etc. A consultation on guidance which sets out in broad terms the ways in which Natural England will participate in regional planning activities and the organisations with which it will work. Natural England is a body formed by combining parts of the Countryside Agency, English Nature and Defra's Rural Development Service. It will operate across the rural and urban agendas, and will help to form a range of regional policies and programmes. The deadline for responses to the consultation is 6 December 2006.
590 ## - LOCAL NOTE (RLIN)
Local note IKA190906 NTK
651 #4 - SUBJECT ADDED ENTRY--GEOGRAPHIC NAME
Geographic name England
Chronological subdivision 886-
690 ## - LOCAL SUBJECT ADDED ENTRY--TOPICAL TERM (OCLC, RLIN)
Topical term or geographic name as entry element Planning and development
9 (RLIN) 6259
856 40 - ELECTRONIC LOCATION AND ACCESS
Uniform Resource Identifier <a href="https://www.defra.gov.uk/corporate/consult/ne-guidance/index.htm">https://www.defra.gov.uk/corporate/consult/ne-guidance/index.htm</a>
Public note View the item free of charge at www.defra.gov.uk...
942 ## - ADDED ENTRY ELEMENTS (KOHA)
Suppress in OPAC 0
Holdings
Withdrawn status Lost status Source of classification or shelving scheme Damaged status Not for loan Home library Current library Shelving location Date acquired Total Checkouts Full call number Barcode Date last seen Copy number Price effective from Koha item type
    Dewey Decimal Classification     Virtual Virtual Online 18/09/2006   ONLINE PUBLICATION 134994-1001 06/08/2019 1 06/08/2019 Book